00425nam a2200133Ia 4500008004100000020002200041082001400063100003300077245004300110300000800153942001200161999001900173952009900192210430s9999 xx 000 0 und d a978-969-8535-17-9 a891 S124J aKhaliq Ahmad Siddique954661 aJamal Ul AmsaalcKhaliq Ahmad Siddique a445 cBK2ddc c565392d565392 00102ddc4070aSCMEbSCMEcGENd0006-10-15o891 S124JpSCME-4603r2021-04-30w2021-04-30yBK